Enfoque sistémico de la contabilidad (Registro nro. 23737)
[ vista simple ]
| 000 -LEADER | |
|---|---|
| fixed length control field | 00336 a2200109 4500 |
| 001 - CONTROL NUMBER | |
| control field | ART_9617 |
| 005 - DATE AND TIME OF LATEST TRANSACTION | |
| control field | 20260410161837.0 |
| 008 - FIXED-LENGTH DATA ELEMENTS--GENERAL INFORMATION | |
| fixed length control field | 260409a |
| 100 1# - MAIN ENTRY--PERSONAL NAME | |
| Personal name | Herrscher, Enrique G. |
| 245 10 - TITLE STATEMENT | |
| Title | Enfoque sistémico de la contabilidad |
| 773 0# - HOST ITEM ENTRY | |
| Title | Contabilidad y administración |
| Related parts | - Año 5, Nº 54 (dic. 1981) |
| Record control number | REV5485 |
No hay ítems disponibles.